| 000 | 00530nam a2200205Ia 4500 | ||
|---|---|---|---|
| 008 | 210417s9999 xx 000 0 und d | ||
| 020 | _a9780199184583 | ||
| 020 | _b199184585 | ||
| 082 | _a823.0083 BAL | ||
| 082 | _b2.823.0083BLA | ||
| 245 | 0 | _aOne Girl School | |
| 245 | 0 | _cOne Girl School | |
| 250 | _a1st ed. | ||
| 250 | _b32 p. : col. ill. ; 23 cm. ; pbk. | ||
| 260 | _aOxford | ||
| 260 | _bOxford University Press | ||
| 260 | _c2005 | ||
| 700 | _a"Blake, Jon" | ||
| 700 | _bJon Blake ; Illustrated by Tony Ross. | ||
| 999 |
_c447722 _d447722 |
||